00480nam a2200145Ia 4500008004100000041000800041082001200049100001700061245004500078260003400123300003100157365001100188999001700199952011800216240624s9999 xx 000 0 und d aeng a823 KEA aKEANE FERGAL aROAD OF BONES THE EPIC SIEGE OF KOHIMA 1 c2011aNew DelhibHarper Press axxi, : 550 : p. : cm. ; 20 cRSb25 c19985d19985 00104070aIMTNbIMTNcRack 40-Bd2012-10-03eAPg499.00o823 KEAp19985r2024-06-24 00:00:00t1w2024-06-24yBK